000 00405nam a2200157Ia 4500
008 221030s9999 xx 000 0 und d
020 _a0070421382
041 _aEnglish
082 _a105.23
_bEbe
100 _aC. E. Ebeling
245 3 _aAn Introduction To Reliability & Maintainability Engineering
_cby C. E. Ebeling
260 _bTMH
_aNew Delhi
_c2000
300 _a486
650 _aEE
942 _cBK
999 _c8295
_d8295